000 00629nam a2200301Ia 4500
005 20260401122100.0
008 008 250103s9999 xx 000 0 eng d
020 _a749322314
037 _aTB
040 _aEDL
040 _beng
040 _cEDL
041 _2eng
041 _aeng
084 _a823.9 SCO
084 _qEDL
100 _aScott, Paul
_91232541
245 0 _aTowers of Silence
245 0 _cScott, Paul
260 _aLondon
260 _bArrow Books
260 _c1971
300 _a423p
942 _cTB
942 _h823.9 SCO
999 _c1844796
_d1844796